000 00518nam a22001577a 4500
999 _c529292
_d529292
020 _qHard Cover.
082 _a621
100 _aHaider, Muhammad
245 _aMulti-Domain Modeling of Pan Tilt Platform with Mechanical Imperfections /
_cMuhammad Haider.
260 _aIslamabad:
_bCEME - NUST,
_c2013.
300 _a83 p.: ill.;
_c30cm.
942 _2ddc
_cTHE
650 _aMechanical Engineering MS-Thesis
_916090
700 _aDr. Syed Waheed Ul Haq
_918639